[Event "CZE-ch 2020"]
[Site "Pilsen"]
[Date "2020.08.25"]
[Round "3.18"]
[White "Flajsman, Pavel"]
[Black "Stinka, Jakub"]
[Result "1-0"]
[WhiteElo "2184"]
[BlackElo "2299"]
[Annotator "ChessBase"]
[PlyCount "71"]
[EventDate "2020.08.23"]
[EventType "swiss"]
[EventCountry "CZE"]
[SourceTitle "playchess.com"]
[Source "ChessBase"]
[SourceQuality "1"]
[TimeControl "40/5400+30:1800+30"]

1. e4 {[%emt 0:00:00]} c5 {[%emt 0:00:00]} 2. Nf3 {[%emt 0:00:00]} d6 {[%emt 0:00:00]} 3. d4 {[%emt 0:00:00]} cxd4 {[%emt 0:00:00]} 4. Nxd4 {[%emt 0:00:00]} Nf6 {[%emt 0:00:00]} 5. Nc3 {[%emt 0:00:00]} e6 {[%emt 0:01:38]} 6. Bc4 {[%emt 0:00:38]} Be7 {[%emt 0:00:33]} 7. Be3 {[%emt 0:01:02]} a6 {[%emt 0:00:44]} 8. Bb3 {[%emt 0:02:20]} O-O {[%emt 0:01:56]} 9. Qe2 {[%emt 0:08:15]} b5 {[%emt 0:06:17]} 10. f3 {[%emt 0:16:18]} Bb7 {[%emt 0:06:46]} 11. g4 {[%emt 0:08:04]} Nfd7 {[%emt 0:03:37]} 12. O-O-O {[%emt 0:04:27]} Nc5 {[%emt 0:02:29]} 13. Rhg1 {[%emt 0:03:38]} Nbd7 {[%emt 0:05:47]} 14. g5 {[%emt 0:06:09]} Rc8 {[%emt 0:14:12]} 15. a3 {[%emt 0:17:42]} Nb6 {[%emt 0:16:28]} 16. Kb1 {[%emt 0:01:22]} Nxb3 {[%emt 0:09:52]} 17. cxb3 {[%emt 0:00:25]} d5 {[%emt 0:02:03]} 18. exd5 {[%emt 0:11:01]} Nxd5 {[%emt 0:02:03]} 19. Nxd5 {[%emt 0:00:19]} Bxd5 {[%emt 0:00:29]} 20. Bf4 {[%emt 0:02:29]} Bd6 {[%emt 0:05:23]} 21. Be5 {[%emt 0:04:47]} Bxe5 {[%emt 0:02:44]} 22. Qxe5 {[%emt 0:00:02]} Qc7 {[%emt 0:00:38]} 23. Qxc7 {[%emt 0:02:32]} Rxc7 {[%emt 0:00:01]} 24. Rge1 {[%emt 0:00:13]} Rd7 {[%emt 0:01:26]} 25. f4 {[%emt 0:00:36]} Rfd8 {[%emt 0:02:18]} 26. Rc1 {[%emt 0:07:47]} Rd6 {[%emt 0:05:44]} 27. Re3 {[%emt 0:00:16]} g6 {[%emt 0:00:44]} 28. Nf3 {[%emt 0:00:32]} Bxf3 {[%emt 0:01:28]} 29. Rxf3 {[%emt 0:00:01]} Rd3 {[%emt 0:00:55]} 30. Rxd3 {[%emt 0:01:37]} Rxd3 {[%emt 0:00:02]} 31. Rc3 {[%emt 0:00:01]} Rd4 {[%emt 0:01:32]} 32. Rc6 {[%emt 0:00:58]} a5 {[%emt 0:02:28]} 33. Rc5 {[%emt 0:00:22]} Rxf4 {[%emt 0:02:42]} 34. Rxb5 {[%emt 0:00:03]} h5 {[%emt 0:03:26]} 35. Rxa5 {[%emt 0:01:49]} h4 {[%emt 0:00:17]} 36. b4 {[%emt 0:01:14]} 1-0

[Event "CZE-ch 2020"]
[Site "Pilsen"]
[Date "2020.08.25"]
[Round "3.19"]
[White "Pokrupa, Marek"]
[Black "Mladek, Richard"]
[Result "1/2-1/2"]
[WhiteElo "2164"]
[BlackElo "2280"]
[Annotator "TA"]
[PlyCount "115"]
[EventDate "2020.08.23"]
[EventType "swiss"]
[EventCountry "CZE"]
[SourceTitle "playchess.com"]
[Source "ChessBase"]
[SourceQuality "1"]

{[%evp 18,115,27,28,32,29,35,34,44,29,36,26,18,10,9,1,67,25,31,23,30,7,20,6,42,0,19,0,0,-12,-6,-44,-41,-49,-28,-39,-33,-66,-36,-33,-26,-51,0,0,0,0,4,0,0,-147,-130,-283,-288,-285,-284,-252,-64,-47,-69,-67,-57,-70,0,0,0,0,0,0,0,0,0,-114,-93,-93,-83,-129,0,0,0,0,0,0,0,0,0,0,0,0,0,0,0,0,0,0,0,0,0,0,0,0]} 1. g3 g6 2. c4 Nf6 3. Bg2 Bg7 4. Nc3 O-O 5. e4 d6 6. Nge2 c5 7. O-O Nc6 8. d3 Ne8 9. Be3 Nd4 10. Qd2 Nc7 {A36: Symmetrical English vs ...g6: 4 Bg2 Bg7.} 11. Bh6 Rb8 12. Bxg7 Kxg7 {White is slightly better.} 13. b4 e5 {[#]} 14. Nxd4 $146 ({Predecessor:} 14. f4 Nxe2+ 15. Nxe2 f6 16. b5 Ne6 17. Rf2 Nd4 18. Nc3 Qa5 19. Raf1 Be6 20. h4 {1-0 (50) Mista,A (2558)-Dobrowolski,P (2417) Gora Sw Anny 2013}) 14... cxd4 15. Nd5 Nxd5 16. exd5 Bd7 (16... b6 $11) 17. a4 Rc8 18. Rfc1 Qe7 19. Re1 b6 20. Qb2 Qd8 21. Qd2 f6 22. Qb2 Qc7 23. Qd2 a5 24. b5 Bf5 25. Rf1 Rfe8 26. Rae1 Qc5 27. Ra1 e4 28. dxe4 Bxe4 29. Bh3 Bf5 ({Black should play} 29... Rc7 $1 $15 30. Rfc1 d3) 30. Bxf5 $11 gxf5 31. Rac1 Re4 32. Kg2 Rce8 33. Rfe1 (33. Qd3 $11 {remains equal.}) 33... d3 $1 $17 34. Rf1 $2 (34. Rxe4 $17 fxe4 35. Qf4) 34... Rxc4 $19 35. Rxc4 Qxc4 {[%mdl 4096] Endgame KQR-KQR} 36. Rd1 Qxd5+ $2 ({Better is} 36... Qe4+ $19 37. Kh3 Qxa4 38. Qxd3 Qg4+ 39. Kg2 Qe4+ 40. Qxe4 fxe4) 37. Kh3 $1 $15 Qc4 38. Qxd3 Qxa4 39. Qxd6 Qxb5 (39... Kg6 $15 40. Qd7 Qg4+ 41. Kg2 Qe4+ 42. Kg1 h5) 40. Qc7+ $1 $11 Kg6 $1 41. Rd7 $1 {[%cal Rd7g7] Intending Rg7+ and mate.} Rg8 {Hoping for ...Qf1+.} ({Not} 41... Qf1+ $2 42. Kh4 $1 $18 {[%mdl 512]}) 42. Rxh7 {Threatening mate with Qf7+.} Qe8 43. Re7 Qa8 {( -> ...Rh8+)} 44. Qb7 (44. Rh7 $11 {was the only way to keep the balance.} Qf8 45. Kg2) 44... Rh8+ $17 45. Kg2 {[#]} f4 $1 {[%mdl 512]} 46. g4 {[#]} (46. gxf4 Rb8) 46... f3+ (46... Qxb7+ $1 $17 47. Rxb7 a4 48. Rxb6 Ra8) 47. Kxf3 $11 {The position is equal.} Rh3+ 48. Kf4 {White threatens Rg7+ and mate.} Qxb7 49. Rxb7 {KR-KR} Rb3 50. h4 {White wants to play h5+.} Rb4+ 51. Kg3 {Threatens to win with h5+.} f5 52. h5+ Kh6 53. f3 fxg4 54. fxg4 Rb1 55. Ra7 Rg1+ 56. Kh4 Rh1+ 57. Kg3 Rg1+ 58. Kh4 {Accuracy: White = 76%, Black = 80%.} 1/2-1/2

[Event "CZE-ch 2020"]
[Site "Pilsen"]
[Date "2020.08.25"]
[Round "3.20"]
[White "Klement, Lukas"]
[Black "Nagy, Ladislav"]
[Result "1-0"]
[WhiteElo "2260"]
[BlackElo "2150"]
[Annotator "ChessBase"]
[PlyCount "89"]
[EventDate "2020.08.23"]
[EventType "swiss"]
[EventCountry "CZE"]
[SourceTitle "playchess.com"]
[Source "ChessBase"]
[SourceQuality "1"]
[TimeControl "40/5400+30:1800+30"]

1. Nf3 {[%emt 0:00:00]} Nf6 {[%emt 0:00:15]} 2. c4 {[%emt 0:00:00]} e6 {[%emt 0:00:36]} 3. g3 {[%emt 0:00:41]} d5 {[%emt 0:00:38]} 4. Bg2 {[%emt 0:00:32]} Be7 {[%emt 0:01:22]} 5. O-O {[%emt 0:00:18]} O-O {[%emt 0:01:24]} 6. d4 {[%emt 0:02:06]} dxc4 {[%emt 0:01:26]} 7. Qa4 {[%emt 0:01:03]} a6 {[%emt 0:01:48]} 8. Qxc4 {[%emt 0:00:22]} b5 {[%emt 0:00:33]} 9. Qc2 {[%emt 0:00:19]} Bb7 {[%emt 0:00:52]} 10. Bf4 {[%emt 0:03:39]} Nc6 {[%emt 0:02:16]} 11. Nbd2 {[%emt 0:09:19]} Nxd4 {[%emt 0:14:58]} 12. Nxd4 {[%emt 0:01:01]} Bxg2 {[%emt 0:00:50]} 13. Nxe6 {[%emt 0:04:46]} fxe6 {[%emt 0:03:12]} 14. Kxg2 {[%emt 0:00:23]} c5 {[%emt 0:02:50]} 15. Nf3 {[%emt 0:02:19]} Qb6 {[%emt 0:04:14]} 16. Be5 {[%emt 0:03:34]} Rad8 {[%emt 0:08:53]} 17. a4 {[%emt 0:05:24]} Nd5 {[%emt 0:05:43]} 18. axb5 {[%emt 0:02:07]} axb5 {[%emt 0:00:24]} 19. Qe4 {[%emt 0:02:19]} Bf6 {[%emt 0:03:56]} 20. Rfd1 {[%emt 0:07:43]} Bxe5 {[%emt 0:11:44]} 21. Qxe5 {[%emt 0:01:35]} h6 {[%emt 0:02:54]} 22. Rd3 {[%emt 0:05:39]} Nf6 {[%emt 0:02:13]} 23. Rda3 {[%emt 0:25:24]} Rd5 {[%emt 0:10:11]} 24. Qe3 {[%emt 0:02:42]} Rd6 {[%emt 0:02:54]} 25. Ra6 {[%emt 0:02:23]} Qc7 {[%emt 0:01:29]} 26. Ra7 {[%emt 0:01:55]} Qc6 {[%emt 0:01:31]} 27. R1a6 {[%emt 0:10:15]} Qd5 {[%emt 0:00:24]} 28. Rxd6 {[%emt 0:00:49]} Qxd6 {[%emt 0:00:02]} 29. h3 {[%emt 0:02:09]} Re8 {[%emt 0:04:07]} 30. Qa3 {[%emt 0:02:21]} Qc6 {[%emt 0:04:23]} 31. Qa5 {[%emt 0:00:33]} e5 {[%emt 0:02:16]} 32. Rc7 {[%emt 0:00:23]} Qd5 {[%emt 0:01:31]} 33. Qa7 {[%emt 0:00:21]} Nh5 {[%emt 0:01:27]} 34. Qxc5 {[%emt 0:00:43]} Qa8 {[%emt 0:01:08]} 35. Ra7 {[%emt 0:01:09]} Qe4 {[%emt 0:01:23]} 36. Qxb5 {[%emt 0:00:42]} Qg6 {[%emt 0:00:44]} 37. e4 {[%emt 0:00:53]} Nf6 {[%emt 0:01:07]} 38. Qc4+ {[%emt 0:00:19]} Kh8 {[%emt 0:00:25]} 39. Ra4 {[%emt 0:00:18]} h5 {[%emt 0:00:45]} 40. h4 {[%emt 0:00:44]} Ng4 {[%emt 0:00:28]} 41. Ra6 {[%emt 0:30:39]} Nf6 {[%emt 0:00:31]} 42. Ng5 {[%emt 0:00:00]} Rb8 {[%emt 0:01:32]} 43. Qc7 {[%emt 0:00:00]} Qe8 {[%emt 0:01:08]} 44. Rxf6 {[%emt 0:00:00]} gxf6 {[%emt 0:00:24]} 45. Qh7# 1-0

[Event "CZE-ch 2020"]
[Site "Pilsen"]
[Date "2020.08.25"]
[Round "3.21"]
[White "Brozka, Karel"]
[Black "Svanda, Ondrej"]
[Result "1/2-1/2"]
[WhiteElo "1991"]
[BlackElo "2250"]
[Annotator "ChessBase"]
[PlyCount "38"]
[EventDate "2020.08.23"]
[EventType "swiss"]
[EventCountry "CZE"]
[SourceTitle "playchess.com"]
[Source "ChessBase"]
[SourceQuality "1"]
[TimeControl "40/5400+30:1800+30"]

1. d4 {[%emt 0:00:00]} Nf6 {[%emt 0:00:00]} 2. c4 {[%emt 0:00:04]} c5 {[%emt 0:00:00]} 3. d5 {[%emt 0:00:25]} b5 {[%emt 0:00:00]} 4. Nd2 {[%emt 0:00:29]} e6 {[%emt 0:03:38]} 5. dxe6 {[%emt 0:01:58]} fxe6 {[%emt 0:00:05]} 6. e4 {[%emt 0:00:32]} bxc4 {[%emt 0:15:37]} 7. e5 {[%emt 0:04:31]} Nd5 {[%emt 0:00:02]} 8. Nxc4 {[%emt 0:00:33]} Nc6 {[%emt 0:05:50]} 9. Bd3 {[%emt 0:02:29]} g6 {[%emt 0:00:13]} 10. Qg4 {[%emt 0:01:28]} Be7 {[%emt 0:01:08]} 11. Bxg6+ {[%emt 0:06:23]} hxg6 {[%emt 0:00:01]} 12. Qxg6+ {[%emt 0:00:17]} Kf8 {[%emt 0:00:01]} 13. h4 {[%emt 0:23:52]} Nd4 {[%emt 0:00:01]} 14. Bh6+ {[%emt 0:03:08]} Rxh6 {[%emt 0:00:01]} 15. Qxh6+ {[%emt 0:00:09]} Kg8 {[%emt 0:03:41]} 16. Qg6+ {[%emt 0:04:08]} Kh8 {[%emt 0:00:01]} 17. Qh6+ {[%emt 0:02:41]} Kg8 {[%emt 0:00:01]} 18. Qg6+ {[%emt 0:23:13]} Kh8 {[%emt 0:00:12]} 19. Qh6+ {[%emt 0:00:15]} Kg8 1/2-1/2

[Event "CZE-ch 2020"]
[Site "Pilsen"]
[Date "2020.08.25"]
[Round "3.22"]
[White "Bartos, Jan"]
[Black "Novotny, Michal"]
[Result "0-1"]
[WhiteElo "2131"]
[BlackElo "2246"]
[Annotator "ChessBase"]
[PlyCount "40"]
[EventDate "2020.08.23"]
[EventType "swiss"]
[EventCountry "CZE"]
[SourceTitle "playchess.com"]
[Source "ChessBase"]
[SourceQuality "1"]
[TimeControl "40/5400+30:1800+30"]

1. d4 {[%emt 0:00:30]} Nf6 {[%emt 0:03:11]} 2. Nf3 {[%emt 0:00:07]} c5 {[%emt 0:00:03]} 3. d5 {[%emt 0:00:18]} b5 {[%emt 0:00:02]} 4. c3 {[%emt 0:00:12]} Bb7 {[%emt 0:00:37]} 5. e4 {[%emt 0:00:24]} Nxe4 {[%emt 0:00:27]} 6. Bxb5 {[%emt 0:00:11]} e6 {[%emt 0:07:57]} 7. dxe6 {[%emt 0:04:47]} fxe6 {[%emt 0:00:09]} 8. O-O {[%emt 0:00:08]} Be7 {[%emt 0:03:57]} 9. Ne5 {[%emt 0:06:15]} O-O {[%emt 0:40:37]} 10. Nxd7 {[%emt 0:35:30]} Bh4 {[%emt 0:00:35]} 11. Be3 {[%emt 0:14:06]} Nxf2 {[%emt 0:12:26]} 12. Bxf2 {[%emt 0:01:32]} Bxf2+ {[%emt 0:02:47]} 13. Rxf2 {[%emt 0:00:12]} Rxf2 {[%emt 0:00:14]} 14. Kxf2 {[%emt 0:00:05]} Nxd7 {[%emt 0:00:50]} 15. Bxd7 {[%emt 0:04:39]} Qg5 {[%emt 0:06:02]} 16. Bxe6+ {[%emt 0:02:33]} Kh8 {[%emt 0:01:06]} 17. Bh3 {[%emt 0:04:32]} Rf8+ {[%emt 0:00:15]} 18. Kg1 {[%emt 0:00:18]} Qe3+ {[%emt 0:00:05]} 19. Kh1 {[%emt 0:00:07]} Qxh3 {[%emt 0:00:05]} 20. Qe2 {[%emt 0:00:32]} Qxg2+ {[%emt 0:00:19]} 0-1

[Event "CZE-ch 2020"]
[Site "Pilsen"]
[Date "2020.08.25"]
[Round "3.23"]
[White "Nemec, Pavel"]
[Black "Kopriva, Martin"]
[Result "1-0"]
[WhiteElo "2243"]
[BlackElo "2079"]
[Annotator "ChessBase"]
[PlyCount "73"]
[EventDate "2020.08.23"]
[EventType "swiss"]
[EventCountry "CZE"]
[SourceTitle "playchess.com"]
[Source "ChessBase"]
[SourceQuality "1"]
[TimeControl "40/5400+30:1800+30"]

1. e4 {[%emt 0:00:00]} g6 {[%emt 0:00:00]} 2. d4 {[%emt 0:00:00]} Bg7 {[%emt 0:00:00]} 3. Nc3 {[%emt 0:00:00]} d6 {[%emt 0:00:00]} 4. Be3 {[%emt 0:00:51]} a6 {[%emt 0:00:11]} 5. Nf3 {[%emt 0:03:07]} b5 {[%emt 0:02:47]} 6. a4 {[%emt 0:01:49]} b4 {[%emt 0:02:27]} 7. Nd5 {[%emt 0:00:38]} Bb7 {[%emt 0:02:37]} 8. Nxb4 {[%emt 0:02:50]} Bxe4 {[%emt 0:02:22]} 9. Bd3 {[%emt 0:00:08]} Bb7 {[%emt 0:06:30]} 10. a5 {[%emt 0:05:05]} Nf6 {[%emt 0:03:13]} 11. c4 {[%emt 0:03:42]} e5 {[%emt 0:08:54]} 12. dxe5 {[%emt 0:17:55]} dxe5 {[%emt 0:00:52]} 13. Be2 {[%emt 0:08:49]} Qe7 {[%emt 0:06:14]} 14. Qa4+ {[%emt 0:00:50]} Nbd7 {[%emt 0:10:52]} 15. c5 {[%emt 0:00:30]} Nd5 {[%emt 0:07:30]} 16. Nxd5 {[%emt 0:05:48]} Bxd5 {[%emt 0:00:47]} 17. Rd1 {[%emt 0:00:23]} c6 {[%emt 0:06:06]} 18. b4 {[%emt 0:07:44]} O-O {[%emt 0:01:34]} 19. O-O {[%emt 0:00:36]} f5 {[%emt 0:02:38]} 20. Rxd5 {[%emt 0:06:20]} cxd5 {[%emt 0:00:27]} 21. c6 {[%emt 0:00:08]} d4 {[%emt 0:01:54]} 22. Bc4+ {[%emt 0:00:13]} Kh8 {[%emt 0:00:37]} 23. Bg5 {[%emt 0:00:25]} Nf6 {[%emt 0:04:06]} 24. Re1 {[%emt 0:04:00]} e4 {[%emt 0:09:40]} 25. Nxd4 {[%emt 0:00:23]} Qd6 {[%emt 0:01:02]} 26. Ne6 {[%emt 0:01:50]} Rfc8 {[%emt 0:06:44]} 27. Rd1 {[%emt 0:08:36]} Qxc6 {[%emt 0:05:13]} 28. Rd8+ {[%emt 0:00:46]} Ng8 {[%emt 0:01:02]} 29. Qxc6 {[%emt 0:02:21]} Rxc6 {[%emt 0:00:10]} 30. Rxa8 {[%emt 0:00:49]} Rxc4 {[%emt 0:00:08]} 31. Rxa6 {[%emt 0:03:32]} Rxb4 {[%emt 0:00:10]} 32. g3 {[%emt 0:00:32]} h6 {[%emt 0:02:07]} 33. Be3 {[%emt 0:00:28]} Nf6 {[%emt 0:02:16]} 34. Ra7 {[%emt 0:02:22]} Nh5 {[%emt 0:01:18]} 35. Nxg7 {[%emt 0:03:22]} Nxg7 {[%emt 0:00:07]} 36. Ra8+ {[%emt 0:00:39]} Kh7 {[%emt 0:00:07]} 37. a6 {[%emt 0:00:07]} 1-0

[Event "CZE-ch 2020"]
[Site "Pilsen"]
[Date "2020.08.25"]
[Round "3.24"]
[White "Kusa, Jakub"]
[Black "Vojta, Jakub"]
[Result "1-0"]
[WhiteElo "2239"]
[BlackElo "2093"]
[Annotator "ChessBase"]
[PlyCount "107"]
[EventDate "2020.08.23"]
[EventType "swiss"]
[EventCountry "CZE"]
[SourceTitle "playchess.com"]
[Source "ChessBase"]
[SourceQuality "1"]
[TimeControl "40/5400+30:1800+30"]

1. e4 {[%emt 0:00:00]} c5 {[%emt 0:00:00]} 2. Nf3 {[%emt 0:00:00]} Nc6 {[%emt 0:00:00]} 3. d4 {[%emt 0:00:00]} cxd4 {[%emt 0:00:00]} 4. Nxd4 {[%emt 0:00:00]} Nf6 {[%emt 0:00:00]} 5. Nc3 {[%emt 0:00:01]} e5 {[%emt 0:00:00]} 6. Ndb5 {[%emt 0:00:11]} d6 {[%emt 0:00:00]} 7. Bg5 {[%emt 0:00:11]} a6 {[%emt 0:00:02]} 8. Na3 {[%emt 0:00:05]} b5 {[%emt 0:00:04]} 9. Nd5 {[%emt 0:00:07]} Be7 {[%emt 0:00:01]} 10. Nxe7 {[%emt 0:00:13]} Nxe7 {[%emt 0:00:01]} 11. Bd3 {[%emt 0:00:21]} d5 {[%emt 0:00:06]} 12. exd5 {[%emt 0:01:22]} Qxd5 {[%emt 0:01:22]} 13. Qd2 {[%emt 0:01:21]} Ne4 {[%emt 0:00:04]} 14. Qe3 {[%emt 0:00:56]} Nxg5 {[%emt 0:00:03]} 15. Qxg5 {[%emt 0:00:09]} Qc5 {[%emt 0:00:11]} 16. O-O-O {[%emt 0:01:21]} O-O {[%emt 0:05:18]} 17. Rhe1 {[%emt 0:00:55]} Nc6 {[%emt 0:05:17]} 18. Be4 {[%emt 0:07:55]} Be6 {[%emt 0:00:30]} 19. Qe3 {[%emt 0:03:49]} Qxe3+ {[%emt 0:02:56]} 20. Rxe3 {[%emt 0:02:08]} Rac8 {[%emt 0:00:03]} 21. Bxc6 {[%emt 0:04:11]} Rxc6 {[%emt 0:00:35]} 22. Rxe5 {[%emt 0:02:40]} Rfc8 {[%emt 0:03:56]} 23. c3 {[%emt 0:03:51]} b4 {[%emt 0:01:11]} 24. Nc2 {[%emt 0:01:09]} bxc3 {[%emt 0:00:43]} 25. b3 {[%emt 0:00:34]} f6 {[%emt 0:04:43]} 26. Re3 {[%emt 0:01:51]} Bf7 {[%emt 0:05:29]} 27. Red3 {[%emt 0:02:42]} Bg6 {[%emt 0:04:02]} 28. Rd8+ {[%emt 0:01:42]} Rxd8 {[%emt 0:00:14]} 29. Rxd8+ {[%emt 0:00:02]} Kf7 {[%emt 0:00:09]} 30. Rd7+ {[%emt 0:01:54]} Kg8 {[%emt 0:06:24]} 31. Nd4 {[%emt 0:05:20]} Rc8 {[%emt 0:05:41]} 32. f4 {[%emt 0:05:28]} Be4 {[%emt 0:05:10]} 33. Ne6 {[%emt 0:01:19]} g6 {[%emt 0:01:03]} 34. g3 {[%emt 0:03:35]} Bf5 {[%emt 0:13:31]} 35. Rg7+ {[%emt 0:01:38]} Kh8 {[%emt 0:00:06]} 36. Re7 {[%emt 0:00:14]} Kg8 {[%emt 0:08:01]} 37. Nd4 {[%emt 0:02:16]} Bg4 {[%emt 0:07:32]} 38. Kc2 {[%emt 0:03:04]} g5 {[%emt 0:01:32]} 39. Re3 {[%emt 0:02:08]} Kf7 {[%emt 0:01:20]} 40. Rxc3 {[%emt 0:01:39]} Rd8 {[%emt 0:01:46]} 41. Kd3 {[%emt 0:31:26]} Bf5+ {[%emt 0:31:06]} 42. Ke3 {[%emt 0:00:37]} Bb1 {[%emt 0:00:37]} 43. fxg5 {[%emt 0:02:20]} fxg5 {[%emt 0:00:15]} 44. Rc7+ {[%emt 0:02:01]} Kg8 {[%emt 0:00:44]} 45. a3 {[%emt 0:01:52]} Re8+ {[%emt 0:01:06]} 46. Kd2 {[%emt 0:01:20]} Bg6 {[%emt 0:00:13]} 47. a4 {[%emt 0:03:00]} g4 {[%emt 0:02:24]} 48. b4 {[%emt 0:03:57]} Rf8 {[%emt 0:00:47]} 49. b5 {[%emt 0:01:18]} axb5 {[%emt 0:00:39]} 50. axb5 {[%emt 0:00:16]} Be4 {[%emt 0:01:08]} 51. Ke3 {[%emt 0:03:38]} Bd5 {[%emt 0:00:28]} 52. Nc6 {[%emt 0:00:38]} Re8+ {[%emt 0:02:53]} 53. Kd4 {[%emt 0:00:53]} Bf3 {[%emt 0:00:23]} 54. b6 {[%emt 0:00:52]} 1-0

[Event "CZE-ch 2020"]
[Site "Pilsen"]
[Date "2020.08.25"]
[Round "3.25"]
[White "Kawulok, Marek"]
[Black "Paseka, Matyas"]
[Result "0-1"]
[WhiteElo "2226"]
[BlackElo "1959"]
[Annotator "ChessBase"]
[PlyCount "52"]
[EventDate "2020.08.23"]
[EventType "swiss"]
[EventCountry "CZE"]
[SourceTitle "playchess.com"]
[Source "ChessBase"]
[SourceQuality "1"]
[TimeControl "40/5400+30:1800+30"]

1. e4 {[%emt 0:00:00]} c5 {[%emt 0:00:00]} 2. Nf3 {[%emt 0:00:00]} Nc6 {[%emt 0:00:00]} 3. Bb5 {[%emt 0:00:00]} g6 {[%emt 0:00:00]} 4. Bxc6 {[%emt 0:00:00]} dxc6 {[%emt 0:00:02]} 5. d3 {[%emt 0:00:00]} Bg7 {[%emt 0:00:09]} 6. h3 {[%emt 0:00:13]} Nf6 {[%emt 0:00:27]} 7. Nc3 {[%emt 0:00:07]} e5 {[%emt 0:01:34]} 8. Be3 {[%emt 0:00:44]} Nd7 {[%emt 0:01:51]} 9. Qd2 {[%emt 0:00:15]} h6 {[%emt 0:00:28]} 10. O-O {[%emt 0:02:41]} Qe7 {[%emt 0:01:42]} 11. Nh2 {[%emt 0:00:43]} Nf8 {[%emt 0:01:20]} 12. f4 {[%emt 0:00:19]} exf4 {[%emt 0:01:05]} 13. Bxf4 {[%emt 0:00:06]} g5 {[%emt 0:00:42]} 14. Bg3 {[%emt 0:06:35]} Ng6 {[%emt 0:04:03]} 15. Rae1 {[%emt 0:07:37]} Be6 {[%emt 0:15:35]} 16. e5 {[%emt 0:14:32]} O-O-O {[%emt 0:04:57]} 17. Nf3 {[%emt 0:01:34]} g4 {[%emt 0:07:42]} 18. hxg4 {[%emt 0:00:18]} Bxg4 {[%emt 0:00:07]} 19. Ne4 {[%emt 0:02:24]} Bxf3 {[%emt 0:03:46]} 20. Nd6+ {[%emt 0:00:38]} Rxd6 {[%emt 0:09:23]} 21. exd6 {[%emt 0:00:10]} Bd4+ {[%emt 0:00:07]} 22. Kh2 {[%emt 0:08:50]} Qg5 {[%emt 0:00:13]} 23. Rxf3 {[%emt 0:05:14]} Qxd2 {[%emt 0:00:46]} 24. Rxf7 {[%emt 0:00:05]} Be3 {[%emt 0:25:58]} 25. Rc7+ {[%emt 0:09:52]} Kb8 {[%emt 0:04:21]} 26. d7 {[%emt 0:01:50]} Nf4 {[%emt 0:00:12]} 0-1

[Event "CZE-ch 2020"]
[Site "Pilsen"]
[Date "2020.08.25"]
[Round "3.26"]
[White "Smolik, Jachym"]
[Black "Toman, Ondrej"]
[Result "0-1"]
[WhiteElo "2121"]
[BlackElo "2233"]
[Annotator "ChessBase"]
[PlyCount "118"]
[EventDate "2020.08.23"]
[EventType "swiss"]
[EventCountry "CZE"]
[SourceTitle "playchess.com"]
[Source "ChessBase"]
[SourceQuality "1"]
[TimeControl "40/5400+30:1800+30"]

1. e4 {[%emt 0:00:00]} e6 {[%emt 0:00:00]} 2. d4 {[%emt 0:00:00]} d5 {[%emt 0:00:00]} 3. Nd2 {[%emt 0:00:00]} h6 {[%emt 0:00:24]} 4. Ngf3 {[%emt 0:00:29]} Ne7 {[%emt 0:00:34]} 5. e5 {[%emt 0:02:02]} c5 {[%emt 0:00:35]} 6. dxc5 {[%emt 0:01:03]} Nec6 {[%emt 0:02:36]} 7. a3 {[%emt 0:04:18]} Bxc5 {[%emt 0:01:39]} 8. b4 {[%emt 0:00:11]} Bf8 {[%emt 0:00:53]} 9. Bb2 {[%emt 0:03:11]} Nd7 {[%emt 0:01:58]} 10. Bd3 {[%emt 0:00:51]} g5 {[%emt 0:03:02]} 11. h3 {[%emt 0:05:49]} Bg7 {[%emt 0:01:59]} 12. Qe2 {[%emt 0:01:18]} Qc7 {[%emt 0:02:12]} 13. O-O {[%emt 0:10:51]} Ndxe5 {[%emt 0:09:19]} 14. Nxe5 {[%emt 0:00:16]} Bxe5 {[%emt 0:02:05]} 15. Bxe5 {[%emt 0:00:11]} Qxe5 {[%emt 0:02:57]} 16. Qh5 {[%emt 0:01:06]} Qf6 {[%emt 0:05:44]} 17. Rae1 {[%emt 0:04:10]} Ne5 {[%emt 0:09:24]} 18. Bb5+ {[%emt 0:03:03]} Bd7 {[%emt 0:09:27]} 19. f4 {[%emt 0:05:10]} Bxb5 {[%emt 0:03:49]} 20. fxe5 {[%emt 0:00:05]} Qg6 {[%emt 0:05:58]} 21. Qxg6 {[%emt 0:00:02]} fxg6 {[%emt 0:00:05]} 22. Rf6 {[%emt 0:00:02]} Ke7 {[%emt 0:00:29]} 23. Nb3 {[%emt 0:02:51]} Raf8 {[%emt 0:03:33]} 24. Rxg6 {[%emt 0:00:54]} Be8 {[%emt 0:03:45]} 25. Rg7+ {[%emt 0:01:07]} Rf7 {[%emt 0:01:11]} 26. Rxf7+ {[%emt 0:00:13]} Bxf7 {[%emt 0:00:10]} 27. Re3 {[%emt 0:03:18]} Rc8 {[%emt 0:03:27]} 28. c3 {[%emt 0:00:03]} Bg6 {[%emt 0:00:46]} 29. Nd4 {[%emt 0:01:45]} a5 {[%emt 0:06:41]} 30. Nb5 {[%emt 0:11:09]} axb4 {[%emt 0:01:20]} 31. axb4 {[%emt 0:00:00]} Ra8 {[%emt 0:01:10]} 32. Nd6 {[%emt 0:00:04]} b6 {[%emt 0:02:26]} 33. Kh2 {[%emt 0:09:23]} Ra2 {[%emt 0:03:08]} 34. Rf3 {[%emt 0:02:47]} Re2 {[%emt 0:06:14]} 35. Nc8+ {[%emt 0:02:10]} Kd8 {[%emt 0:02:34]} 36. Nxb6 {[%emt 0:00:01]} Kc7 {[%emt 0:01:22]} 37. Na4 {[%emt 0:02:27]} Be4 {[%emt 0:01:50]} 38. Rg3 {[%emt 0:00:01]} Bf5 {[%emt 0:00:12]} 39. Nc5 {[%emt 0:03:50]} Rxe5 {[%emt 0:01:13]} 40. Nb3 {[%emt 0:00:57]} Re2 {[%emt 0:02:28]} 41. Nd4 {[%emt 0:30:28]} Rd2 {[%emt 0:07:08]} 42. Re3 {[%emt 0:00:00]} Kd6 {[%emt 0:03:34]} 43. Kg1 {[%emt 0:00:00]} Be4 {[%emt 0:01:25]} 44. Ne2 {[%emt 0:00:00]} Rb2 {[%emt 0:04:10]} 45. g3 {[%emt 0:00:00]} h5 {[%emt 0:03:10]} 46. h4 {[%emt 0:00:00]} gxh4 {[%emt 0:00:50]} 47. gxh4 {[%emt 0:00:00]} Ke5 {[%emt 0:00:13]} 48. Kf2 {[%emt 0:00:00]} Kf6 {[%emt 0:01:36]} 49. Rg3 {[%emt 0:00:00]} e5 {[%emt 0:01:19]} 50. Ke3 {[%emt 0:00:00]} Bf5 {[%emt 0:00:49]} 51. Rf3 {[%emt 0:00:00]} Ke6 {[%emt 0:00:48]} 52. Rf2 {[%emt 0:00:00]} Rb1 {[%emt 0:00:58]} 53. Kd2 {[%emt 0:00:11]} Bg4 {[%emt 0:01:21]} 54. Nc1 {[%emt 0:05:18]} Rb2+ {[%emt 0:01:01]} 55. Ke1 {[%emt 0:00:08]} Rb1 {[%emt 0:00:02]} 56. Kd2 {[%emt 0:00:03]} e4 {[%emt 0:00:02]} 57. Ne2 {[%emt 0:04:08]} Ke5 {[%emt 0:00:37]} 58. Nd4 {[%emt 0:01:42]} Rd1+ {[%emt 0:02:39]} 59. Ke3 {[%emt 0:00:38]} Rd3# 0-1